000 01117cab a2200313 4500
001 X3292
008 090401t1996 xxu||||| |||| 00| 0 eng d
035 _a(Sirsi) u29636
041 _aeng
245 _aMacclesfield BC v Cheshire CC
260 _c1996
350 _a0
490 _aPlanning Appeal Decisions
_v[1996] 11 PAD 152-156(5)
520 _aDecision letter 13 December 1995. Appeal allowed. Outline application by CC for residential development on part of school grounds site. Considers whether there would be a serious loss of open space and local amenity.
650 _aCOLSHAW COUNTY PRIMARY SCHOOL
650 _aLEGAL COSTS
650 _aLOCAL GOVERNMENT ACT 1972 S250
650 _aMACCLESFIELD BC V CHESHIRE BC
650 _aPLAYING FIELDS
650 _aPPG17
650 _aRESIDENTIAL DEVELOPMENT
650 _aSCHOOL GROUNDS
650 _aTOWN AND COUNTRY PLANNING ACT 1990 S106
650 _aTOWN AND COUNTRY PLANNING ACT 1990 S322
650 _aTOWN AND COUNTRY PLANNING ACT 1990 S78
690 _aPLANNING LAW AND PRACTICE-CASE LAW
942 _n0
948 _c04/03/1997
999 _c19941
_d19941